000 00451nam a2200157 i 4500
001 39352
003 ES-MaACL
005 20230906155945.0
007 t|
008 030227s1969 sp ||||1| spa d
100 0 _aCalle Sáiz, Ricardo.
_933708
245 1 0 _aSistema fiscal en España y en el Mercado Común /
_cRicardo Calle Saiz.
260 _a[Madrid] :
_bGuadiana,
_c[1969]
300 _a263 p. ;
_c24 cm.
852 _aES-MaACL
_jC-37929
_bR.70915
999 _c39352
_d39352